000
00427nam a2200157Ia 4500
008
090124s9999 xx 000 0 und d
082
_b
305609
245
_a
स्मृतिगंध
250
_a
1
260
_b
आमोद - संकलन
_c
2006
300
_a
116
630
_a
स्मृतिगंध
700
_a
आमोद - संकलन
730
_a
स्मृतिगंध
942
_c
BOOK
999
_c
195603
_d
195603